000 00245nam a22001097a 4500
082 _a670.42 PUL
100 _aPULL, E
_959345
245 _aENGINEERING WORKSHOP MANUAL
260 _aLONDON
_bTECHNICAL PRESS
_c1962
300 _a289P
942 _cBK
999 _c585249
_d585249